Capitales sans les lettres de "Nassau" - Statistiques

Statistiques générales
  • Ce quiz a été pris 7 fois
  • Le résultat moyen est 5 sur 10
Statistiques - réponses
Continents Capitales % Correct
Asie Tokyo
100%
Europe Kiev
67%
Amérique du Nord Mexico
67%
Europe Rome
67%
Asie Bichkek
50%
Afrique Libreville
50%
Afrique Lomé
50%
Asie Dili
33%
Afrique Tripoli
33%
Asie Koweït
17%
Aucun quiz correspondant
Distribution des résultats
% des personnes avec chaque résultat
Percentile par nombre de réponses
Votre historique - résultats
Vous n’avez pas pris ce quiz